Hydraulické mechanismy v automatizaci /

Saved in:
Bibliographic Details
Main Author: Prokeš, Josef (Author)
Format: Book
Language:Czech
Published: Praha : SNTL, 1983
Edition:1.vyd.
Subjects:
Tags: Add Tag
No Tags, Be the first to tag this record!

MARC

LEADER 00000nam a22000003a 4500
001 stu41002
005 20150617225721.5
008 930609s1983----cs------------------cze-d
040 |a STU  |b slo 
041 0 |a cze 
044 |a cs 
080 |a 62-522 
100 1 |a Prokeš, Josef  |4 aut 
245 1 |a Hydraulické mechanismy v automatizaci /  |c [aut.]Josef Prokeš 
250 |a 1.vyd. 
260 |a Praha :  |b SNTL,  |c 1983 
300 |a 230 s 
650 7 |a hydraulika  |2 stusub 
650 7 |a mechanizmy  |2 stusub 
650 7 |a automatizácia  |2 stusub 
650 7 |a Regulácia hydraulická  |2 stusub 
650 7 |a Mechanizmy hydraulické  |2 stusub 
996 |b 284M035854  |c M*2403-1  |l MMKN  |s A  |a 24  |w stu41002_0001 
996 |b 284M035855  |c M*2403-2  |l MMKN  |s A  |a 24  |w stu41002_0002